| 000 | 02056cam a2200361Ii 4500 | ||
|---|---|---|---|
| 999 |
_c9104 _d9104 |
||
| 001 | 639164957 | ||
| 003 | OCoLC | ||
| 005 | 20241126110705.0 | ||
| 008 | 100607s2010 orua b 001 0 eng d | ||
| 020 | _a1608996794 | ||
| 020 | _a9781608996797 | ||
| 035 | _a(OCoLC)639164957 | ||
| 040 |
_aYDXCP _beng _erda _cYDXCP _dELW _dEMT _dLML _dJEV _dOCLCF _dOCLCO _dOCLCQ |
||
| 050 | 4 |
_aBV2061.3 _b.E35 2010 |
|
| 082 |
_a266.001 _bREG |
||
| 245 | 0 | 0 |
_aEdinburgh 2010 : _bwitnessing to Christ today / _cedited by Daryl Balia and Kirsteen Kim. |
| 246 | 3 | 0 | _aWitnessing to Christ today |
| 264 | 1 |
_aEugene, Oregon : _bWipf & Stock, _c[2010]. |
|
| 300 |
_a301 pages : _billustrations ; _c23 cm. |
||
| 336 |
_atext _btxt _2rdacontent |
||
| 337 |
_aunmediated _bn _2rdamedia |
||
| 338 |
_avolume _bnc _2rdacarrier |
||
| 490 | 1 |
_aRegnum Edinburgh 2010 series ; _v2. |
|
| 504 | _aIncludes bibliographical references (pages 279-301) and index. | ||
| 505 | 0 | _aIntroduction / Daryl Balia and Kirsteen Kim -- Foundations for mission -- Christian mission among other faiths -- Mission and postmodernities -- Mission and power -- Forms of missionary engagement -- Theological education and formation -- Christian communities in contemporary contexts -- Mission and unity : ecclesiology and mission -- Mission spirituality and authentic discipleship -- Women and mission, Bible and mission -- Appendix I. The 2010 mission themes -- Appendix II. Conveners of the Edinburgh 2010 study groups. | |
| 611 | 2 | 0 |
_aWorld Missionary Conference _d(2010 : _cEdinburgh, Scotland) _915871 |
| 650 | 0 |
_aMissions. _0http://id.loc.gov/authorities/subjects/sh85086032 _9885 |
|
| 650 | 0 |
_aPostmodernism _xReligious aspects _xChristianity. _0http://id.loc.gov/authorities/subjects/sh2008108915 _98803 |
|
| 700 | 1 |
_aBalia, Daryl M. _0http://id.loc.gov/authorities/names/nr90008552 _915879 |
|
| 700 | 1 |
_aKim, Kirsteen. _0http://id.loc.gov/authorities/names/no2004053512 _915880 |
|
| 830 | 0 |
_aRegnum Edinburgh 2010 series ; _0http://id.loc.gov/authorities/names/no2010129397 _vv. 2. _914358 |
|
| 942 |
_2ddc _cBK _01 |
||